[Event "86th BRA-ch 2019"]
[Site "Natal"]
[Date "2020.01.12"]
[Round "2.1"]
[White "Lima, Darcy"]
[Black "Labussiere, Victor"]
[Result "1-0"]
[WhiteElo "2534"]
[BlackElo "2363"]
[Annotator "TA"]
[PlyCount "129"]
[EventDate "2020.01.05"]
[EventType "k.o."]
[EventCountry "BRA"]
[SourceTitle "playchess.com"]
[Source "ChessBase"]
[SourceQuality "1"]

{[%evp 29,129,51,58,36,52,10,65,46,71,68,83,54,60,60,73,44,87,84,105,79,104,112,208,139,291,291,276,275,308,275,294,268,286,286,301,279,330,330,366,363,341,352,349,337,320,292,345,331,345,343,345,314,331,325,336,304,312,279,464,450,498,465,510,509,508,489,548,520,620,615,608,607,592,539,648,616,746,716,697,697,2503,5289,12838,12835,12839,12839,12844,12844,12845,12843,12843,12843,12844,12844,12845,12845,12849,12845,12851,27999,12851,27999]} 1. d4 Nf6 2. c4 g6 3. Nc3 Bg7 4. e4 d6 5. Nf3 O-O 6. Be2 c5 7. O-O cxd4 8. Nxd4 Nc6 9. Be3 Bd7 10. Qd2 Nxd4 11. Bxd4 Bc6 12. f3 a5 13. b3 Nd7 14. Be3 Nc5 15. Rab1 e6 16. Bd1 {B38: Sicilian: Maroczy Bind with 5...Bg7 and 7...0-0} (16. a3 Be5 17. b4 axb4 18. axb4 Ra3 19. bxc5 Rxc3 20. f4 Bg7 21. e5 dxe5 22. Qxc3 exf4 23. Qd2 Qg5 {0-1 (43) Bu,X (2730)-Savchenko,B (2566) Riadh 2017}) 16... Qe7 17. Re1 $146 ({Predecessor:} 17. Bc2 Rfd8 18. Rfd1 Be5 19. a3 Qh4 20. h3 Qe7 21. Bg5 Bf6 22. Bxf6 Qxf6 23. f4 b6 {1-0 (48) Harsha,B (2451)-Gomes,M (2328) New Delhi 2018}) 17... Rad8 (17... f5 $11) 18. Bc2 {White is slightly better.} b6 19. a3 Qc7 20. b4 axb4 21. axb4 Nd7 22. Bb3 Be5 23. Rbc1 Qb8 24. Bg5 Bf6 25. Red1 b5 (25... Bxg5 $16 {keeps fighting.} 26. Qxg5 Kg7) 26. cxb5 ({Don't do} 26. Nxb5 $6 Bxb5 27. cxb5 Qxb5 $14) 26... Bxb5 $2 (26... Bxg5 $16 27. Qxg5 Ba8) 27. Bxf6 $18 Nxf6 {[#]} 28. Qg5 $1 {[%csl LRb5,LRf6][%mdl 64] Double Attack} Ba6 29. Qxf6 Qxb4 30. Bc2 Rc8 31. Bd3 Bb7 32. Ne2 Ba8 33. Qd4 Qb8 34. Rxc8 Rxc8 35. Rb1 Qc7 36. Rc1 Bc6 37. Bb5 Qb7 38. Bxc6 Rxc6 39. Rxc6 Qxc6 40. Nc3 Qa6 41. Kf2 Qa5 42. Ne2 Qc7 43. g4 d5 $2 (43... h6 {was called for.} 44. Kf1 Kh7) 44. e5 Qc2 45. h4 Qb1 46. Qf4 Qh1 47. h5 Qh4+ 48. Qg3 Qe7 49. Kg2 Qc7 50. Qf4 Qc2 51. Kf2 Qc5+ 52. Nd4 Kf8 53. Kg3 {Intending Nxe6+ and mate.} Ke8 54. Kh4 Qe7+ 55. Qf6 Qc5 {[#]} 56. Nxe6 $1 fxe6 57. Qxe6+ Qe7+ 58. Qxe7+ Kxe7 59. f4 gxh5 60. gxh5 {K3P-KPP} Ke6 61. Kg4 d4 62. Kf3 Kf5 63. Ke2 {Kd3 would kill now.} Kxf4 64. e6 Kf5 65. e7 {Accuracy: White = 71%, Black = 15%.} 1-0

[Event "86th BRA-ch 2019"]
[Site "Natal"]
[Date "2020.01.12"]
[Round "2.1"]
[White "Molina, Roberto Junio Brito"]
[Black "Fier, Alexandr"]
[Result "1-0"]
[WhiteElo "2431"]
[BlackElo "2528"]
[Annotator "TA"]
[PlyCount "51"]
[EventDate "2020.01.05"]
[EventType "k.o."]
[EventCountry "BRA"]
[SourceTitle "playchess.com"]
[Source "ChessBase"]
[SourceQuality "1"]

{[%evp 20,143,25,15,9,9,18,11,10,7,17,0,0,0,0,0,7,0,0,0,14,14,6,13,16,8,21,27,40,-2,183,179,164,177,166,153,212,208,214,150,137,128,130,119,254,258,285,285,280,270,294,159,159,159,159,159,159,159,159,145,203,203,203,203,203,203,203,203,212,203,299,275,291,285,400,393,375,311,275,0,354,358,353,346,346,345,339,329,321,314,680,680,29982,600,603,567,29942,29950,29949,29946,29951,12843,29950,8635,8635,8635,8881,8628,29940,8628,8628,8628,8617,8603,8595,8595,8007,7872,8595,852,8588,8566,8566,8179,5949,6868]} 1. e4 c5 2. Nf3 Nc6 3. d4 cxd4 4. Nxd4 Nf6 5. Nc3 e5 6. Ndb5 d6 7. Bg5 a6 8. Na3 b5 9. Nd5 Be7 10. Bxf6 Bxf6 11. c4 b4 {B33: Sicilian: Pelikan and Sveshnikov Variations} 12. Nc2 O-O 13. Be2 (13. g3 Bg5 14. Bg2 a5 15. O-O Ne7 16. Nce3 Bxe3 17. Nxe3 Be6 18. b3 Ra7 19. Qd3 {½-½ (52) Nepomniachtchi,I (2776)-Yu,Y (2763) Khanty-Mansiysk 2019}) 13... a5 {The position is equal.} 14. O-O Bg5 15. Qd3 Be6 16. Bf3 Ra7 17. Rad1 g6 18. Qe2 Rd7 19. b3 Nb8 {[%cal Bc6b8,Bb8a6,Ba6c5][%mdl 32]} 20. g3 $146 ({Predecessor:} 20. Rfe1 f5 21. exf5 gxf5 {1-0 (38) Haenselmann,H (1692)-Schwartz,O (1512) Willingen 2018}) 20... Na6 21. Bg2 Nc5 22. f4 exf4 23. gxf4 Bh6 24. Nd4 (24. Nde3 $5 {[%cal Rf4f5]}) 24... Re8 $2 (24... Bxd5 $11 25. exd5 (25. cxd5 Qh4 $11) 25... Qh4) 25. Nc6 $1 $36 {[%cal Rc6d8][%mdl 2048] White is in control.} Qh4 {And now ...Bxd5 would win.} 26. Qe3 {Played: Qe2-e1} 1-0

[Event "86th BRA-ch 2019"]
[Site "Natal"]
[Date "2020.01.12"]
[Round "2.1"]
[White "Macedo, Maximo Iack"]
[Black "Diamant, Andre"]
[Result "1/2-1/2"]
[WhiteElo "2324"]
[BlackElo "2547"]
[Annotator "TA"]
[PlyCount "126"]
[EventDate "2020.01.05"]
[EventType "k.o."]
[EventCountry "BRA"]
[SourceTitle "playchess.com"]
[Source "ChessBase"]
[SourceQuality "1"]

{[%evp 18,126,0,0,12,0,-6,-14,-10,-31,19,-17,0,-24,7,0,-6,-24,-22,-31,-31,-49,-43,-57,-14,-22,-14,-10,-6,-10,-8,-31,-32,-45,-42,-57,-52,-54,-56,-70,0,-61,-61,-64,-69,-72,-64,-63,-41,-49,-49,-43,-33,-96,-79,-70,-69,-62,-61,-87,-68,-112,-121,-119,-128,-183,-195,-193,-108,-155,-68,-77,-62,-95,10,0,108,108,134,133,139,124,114,115,200,200,200,200,200,200,200,180,180,103,180,104,104,104,104,104,104,104,104,104,104,104,104,104,104,104,104]} 1. b3 d5 2. Bb2 Bg4 3. Nf3 Nd7 4. e3 Ngf6 5. Be2 e6 6. O-O Bd6 7. c4 c6 8. h3 Bh5 9. Nc3 O-O 10. d4 Qe7 {A12: English Opening: 1...c6 with b3 by White} 11. Qc2 Rfe8 (11... Bg6 12. Bd3 Bxd3 13. Qxd3 Rad8 14. Qc2 h6 15. Rad1 Bb4 16. g3 a6 17. Kg2 Rfe8 18. Ne2 {1-0 (54) Rasulov,V (2533)-Pourramezanali,A (2496) Nakhchivan 2019}) 12. Rfe1 Bg6 {The position is equal.} 13. Bd3 Bh5 $146 ({Predecessor:} 13... Bxd3 14. Qxd3 e5 15. e4 dxc4 16. Qxc4 exd4 17. Nxd4 Qf8 18. Rad1 Rad8 19. Qe2 Nc5 20. Nf5 {½-½ (20) Aalderink,G (2113)-Bendig,F (2311) LSS email 2008}) 14. Be2 a6 15. Rac1 Bb4 16. Ne5 Bxe2 17. Nxd7 Bh5 18. Nxf6+ Qxf6 19. a3 Bd6 20. e4 {e5 is the strong threat.} Qf4 {( -> ...Qh2+)} ({Don't blunder} 20... Qxd4 $2 21. Nb5 $1 $16 {[%mdl 512]}) 21. e5 {Threatens to win with g3.} Bg6 (21... Be7 {with more complications.} 22. Ne2 Qh4 23. c5 Reb8 24. Qd3 b6) 22. Qd1 {Black must now prevent Ne2.} Be7 23. Ne2 Qh4 24. cxd5 cxd5 25. Rc7 Rac8 26. Qc1 Rxc7 27. Qxc7 Qe4 $1 28. b4 Bh5 (28... Kf8 $15) 29. Kf1 (29. Rc1 $1 $11 Qxe2 30. Qxe7 $1 {[%mdl 512]}) 29... Qd3 $15 30. Qc3 Qb5 31. g4 Bg6 32. Kg2 Bg5 33. Bc1 Bh4 34. Be3 h6 35. Ng1 (35. Nf4 $15) 35... Be4+ 36. Kh2 f6 37. exf6 Bxf6 38. f3 Bg6 39. Bf4 Qc4 40. Qxc4 dxc4 41. Rc1 (41. Be5 $17) 41... Bd3 $19 42. Be5 Rd8 (42... Be7 $19 43. h4 Bxh4) 43. f4 {[#]} Rxd4 (43... a5 $1 $17 {[%mdl 512]} 44. Bxf6 (44. bxa5 Be7) 44... gxf6 45. bxa5 Rxd4) 44. Bxd4 $15 Bxd4 $17 {[%mdl 4096] Endgame KRN-KB} 45. Rd1 Kh7 (45... Bb2 $17 46. Nf3 Be4 47. Rd8+ Kh7) 46. Nf3 $11 Bb2 (46... Be3 $1 $11 47. Kg3 g5 48. fxg5 hxg5) 47. Ne5 $16 Bxa3 48. Nxd3 cxd3 {KR-KB} 49. b5 Bd6 50. Kg3 g5 (50... axb5 $16 51. Rxd3 Bc5) 51. Rxd3 $18 Bxf4+ 52. Kf3 axb5 53. Rd7+ Kg6 54. Rxb7 h5 {[#]} 55. Rxb5 (55. Rb6 $1 $18) 55... hxg4+ (55... h4 $16 56. Rc5 Kf6) 56. hxg4 ({White should play} 56. Kxg4 $18 {And now h4 would win.} Bd2 57. Re5) 56... Kf6 {White is better.} 57. Ke4 Bh2 58. Ra5 Bf4 59. Ra1 Ke7 {[#]} 60. Rd1 $1 Bg3 61. Rh1 Bf4 62. Kd4 Bg3 63. Rh6 Kd6 {Accuracy: White = 48%, Black = 52%.} 1/2-1/2

[Event "86th BRA-ch 2019"]
[Site "Natal"]
[Date "2020.01.13"]
[Round "2.2"]
[White "Diamant, Andre"]
[Black "Macedo, Maximo Iack"]
[Result "1-0"]
[WhiteElo "2547"]
[BlackElo "2324"]
[Annotator "TA"]
[PlyCount "57"]
[EventDate "2020.01.05"]
[EventType "k.o."]
[EventCountry "BRA"]
[SourceTitle "playchess.com"]
[Source "ChessBase"]
[SourceQuality "1"]

{[%evp 9,57,0,0,0,3,0,7,0,0,0,0,0,2,0,0,-14,14,14,78,71,161,152,154,157,165,148,155,167,158,156,167,166,172,166,172,168,172,163,159,156,162,162,207,197,263,252,624,637,635,610]} 1. c4 e6 2. Nf3 Nf6 3. g3 d5 4. Bg2 dxc4 5. Qa4+ Bd7 6. Qxc4 {A13: English Opening: 1...e6} c5 7. Ne5 Qc8 8. Nxd7 {The position is equal.} Qxd7 9. O-O Nc6 10. Qa4 Rc8 11. Nc3 Be7 12. a3 Rb8 $146 ({Predecessor:} 12... Nd5 13. Nxd5 exd5 14. b4 Bf6 15. Rb1 c4 16. e3 O-O 17. b5 {½-½ (17) Ponomariov,R (2710)-Wojtaszek,R (2748) Czech Republic 2016}) 13. d3 b5 (13... O-O $11 {keeps the balance.}) 14. Nxb5 $16 {Strongly threatening Bxc6.} Nd4 {[#]} (14... O-O $16) 15. Nxd4 $1 $18 {Black must now prevent Bc6.} Qxa4 16. Bc6+ Qxc6 17. Nxc6 Rb6 18. Nxe7 ({Worse is} 18. Nxa7 Kd7 $15) 18... Kxe7 {[#]} 19. b4 $1 {[%mdl 512]} cxb4 20. Be3 Rc6 21. axb4 a6 22. Bc5+ Kd7 23. e4 Kc7 24. Ra3 Rd8 25. Rfa1 Kb7 26. Be3 {Hoping for b5!} Ng4 (26... Kc8 {was called for.} 27. R1a2 e5) 27. b5 axb5 $2 (27... Rcd6 28. bxa6+ Ka8) 28. Ra7+ Kc8 29. Rxf7 {Accuracy: White = 85%, Black = 50%.} 1-0

[Event "86th BRA-ch 2019"]
[Site "Natal"]
[Date "2020.01.13"]
[Round "2.2"]
[White "Fier, Alexandr"]
[Black "Molina, Roberto Junio Brito"]
[Result "1-0"]
[WhiteElo "2528"]
[BlackElo "2431"]
[Annotator "TA"]
[PlyCount "71"]
[EventDate "2020.01.05"]
[EventType "k.o."]
[EventCountry "BRA"]
[SourceTitle "playchess.com"]
[Source "ChessBase"]
[SourceQuality "1"]

{[%evp 21,71,35,41,37,49,38,43,36,53,61,58,64,130,122,108,116,129,107,99,87,94,58,240,226,185,228,274,278,277,272,272,265,770,742,1123,649,1126,1127,1106,1116,1116,1088,29958,29960,29958,29960,29954,29957,29993,11556,5261,876]} 1. c4 e6 2. Nf3 d5 3. e3 c5 4. b3 Nf6 5. Bb2 Be7 6. Nc3 O-O 7. cxd5 exd5 8. d4 Nc6 9. Be2 Bg4 10. dxc5 Bxc5 11. O-O a6 12. h3 {D32: Tarrasch Defence: Sidelines and lines without g3} Bh5 13. Nh4 Bxe2 14. Nxe2 {[#] White is slightly better.} Ba7 $146 ({Predecessor:} 14... Re8 15. Nf3 Ne4 16. Ned4 {1-0 (75) Sargissian,G (2689)-Yilmaz,M (2636) St Petersburg 2018}) 15. Nf5 Re8 16. Neg3 {[%cal Be2g3,Bg3f5,Bf5h6][%mdl 32] And now Nxg7! would win.} g6 (16... Re6 $1 $14) 17. Qf3 $16 gxf5 18. Nxf5 {Threatening mate with Qg3+.} Bb8 19. Nh6+ Kg7 {aiming for ...Be5.} 20. Qh5 $1 {Intending Nf5+ and mate.} Re5 21. Bxe5 ({Wrong is} 21. Qxf7+ $2 Kxh6 22. f4 Qe7 $19) 21... Bxe5 $2 ({Better is} 21... Nxe5 $14 22. Nf5+ Kf8 23. Qh6+ (23. Qg5 Ng6 $14) 23... Ke8) 22. Qg5+ $18 Kf8 23. Rac1 Qe8 24. f4 $1 {[%cal Rf4e5]} ({Not} 24. Nf5 Ne4 $11) 24... Bb2 {[#]} 25. Rc2 $1 ({Worse is} 25. Nf5 Ne4 $15) 25... Qxe3+ 26. Kh2 Bd4 $2 (26... Qd3 27. Rxb2 Qg6) 27. Nf5 Qd3 28. Qg7+ Ke8 29. Re1+ Ne4 30. Qg8+ Kd7 31. Qxf7+ {[%mdl 64] Double Attack} Kc8 {[#]} 32. Rxe4 $1 {[%cal Re4e8][%mdl 512]} Bg1+ (32... Qxe4 33. Nd6+) 33. Kxg1 {[%cal Re4e8]} dxe4 34. Ne7+ Kc7 {[#]} 35. Nd5+ (35. Rxc6+ $142 $1 {[%mdl 512]} Kd7 (35... bxc6 36. Nd5+) 36. Qe6+ Kd8 37. Rd6+ Qxd6 38. Qxd6+ Ke8 39. Nd5 Kf7 40. Qf6+ Kg8 41. Ne7#) 35... Kb8 36. Rxc6 {Accuracy: White = 83%, Black = 38%.} (36. Qc7+ $142 Ka7 37. Qb6+ Kb8 38. Rxc6 Qd1+ 39. Kh2 Qxd5 40. Rc7) 1-0

[Event "86th BRA-ch 2019"]
[Site "Natal"]
[Date "2020.01.13"]
[Round "2.2"]
[White "Labussiere, Victor"]
[Black "Lima, Darcy"]
[Result "1/2-1/2"]
[WhiteElo "2363"]
[BlackElo "2534"]
[Annotator "TA"]
[PlyCount "54"]
[EventDate "2020.01.05"]
[EventType "k.o."]
[EventCountry "BRA"]
[SourceTitle "playchess.com"]
[Source "ChessBase"]
[SourceQuality "1"]

{[%evp 15,54,55,72,34,42,39,54,40,34,32,70,-12,-14,-14,-8,-5,22,0,0,-15,-15,-25,0,-102,-12,-102,-102,-123,-115,-121,-137,-149,-124,-133,-127,-138,-136,-136,-119,-132,0]} 1. Nf3 Nf6 2. c4 g6 3. Nc3 Bg7 4. e4 d6 5. d4 O-O 6. Be2 e5 7. d5 Ne8 8. O-O f5 9. Ne1 {E92: King's Indian: Classical: 6 Be2 e5: 7 dxe5, 7 Be3 and Petrosian System without 7...Nbd7} (9. Ng5 Qe7 10. exf5 gxf5 11. f4 h6 12. Nf3 e4 13. Nd4 c5 14. dxc6 Nxc6 15. Be3 Nxd4 16. Bxd4 Be6 17. Bxg7 Qxg7 {1-0 (35) Kristiansen,J (2423)-Ilincic,Z (2417) Kecskemet 2015}) 9... Nf6 10. f3 f4 11. b4 {White is slightly better.} a5 $146 ({Predecessor:} 11... h5 12. c5 h4 13. h3 Nh5 14. Nd3 a6 15. a4 Qg5 16. Nf2 Nd7 {1-0 (29) Gorner,M-Vogeltanz,M Klatovy 1999}) 12. bxa5 c5 13. dxc6 (13. Bd2 $14) 13... bxc6 $11 14. Bd2 Qxa5 15. Nd3 Na6 16. Be1 Be6 17. Nd5 Qd8 $36 {[%mdl 2048] Black has the initiative.} 18. Nxf6+ Bxf6 19. Qc2 {[#]} (19. c5 $11 {keeps the balance.}) 19... Rf7 (19... c5 $1 $17) 20. Bf2 {[#]} (20. c5 $1 $11 {remains equal.}) 20... c5 $1 $17 21. Rab1 Nb8 22. Rb2 Nc6 23. Rd1 {next Nxc5! is good for White.} Qc8 24. Rdb1 Rfa7 25. Bf1 Bd8 26. Nc1 Ba5 27. Ne2 Bd8 {Accuracy: White = 47%, Black = 43%.} (27... g5 $17 28. Qd3 Qd7) 1/2-1/2

[Event "86th BRA-ch 2019"]
[Site "Natal"]
[Date "2020.01.13"]
[Round "2.2"]
[White "Martins, Vinicius Tine"]
[Black "Supi, Luis Paulo"]
[Result "0-1"]
[WhiteElo "2309"]
[BlackElo "2577"]
[Annotator "TA"]
[PlyCount "54"]
[EventDate "2020.01.05"]
[EventType "k.o."]
[EventCountry "BRA"]
[SourceTitle "playchess.com"]
[Source "ChessBase"]
[SourceQuality "1"]

{[%evp 15,54,-14,3,0,0,0,0,-6,0,-47,-14,-95,-68,-90,-22,-18,-14,-32,17,0,2,2,21,0,0,0,-2,-10,0,-13,-18,-71,-31,-276,-271,-570,-525,-692,-675,-653,-624]} 1. Nf3 Nf6 2. c4 b6 3. g3 c5 4. Bg2 Bb7 5. Nc3 g6 6. d3 Bg7 7. Bd2 Nc6 8. O-O O-O 9. e4 {A30: Symmetrical English: Double Fianchetto and Hedgehog} (9. Ne5 Qc7 10. Nxc6 Bxc6 11. e4 e6 12. Bf4 d6 13. Qd2 a6 14. a4 Rab8 15. Rfb1 Nh5 16. Be3 f5 {0-1 (63) Ftacnik,L (2555)-Ponomariov,R (2710) Czech Republic 2016}) 9... d6 10. Ne1 Nd7 $146 ({Predecessor:} 10... e6 11. Nc2 Re8 12. f4 Rc8 13. Qe2 a6 14. Rae1 Nd4 15. Qd1 Nd7 16. Nxd4 cxd4 {0-1 (26) Wilshusen,H (1982)-Wister,F (2280) ICCF email 2010}) 11. f4 {The position is equal.} a6 12. f5 Nd4 13. Qg4 (13. Nc2 $11) 13... e6 14. Bg5 Bf6 ({Black should try} 14... Ne5 $17 15. Bxd8 Nxg4) 15. Bxf6 $11 Nxf6 16. Qg5 e5 17. Nf3 Kg7 18. Qd2 Bc6 ({Reject} 18... gxf5 19. Nxd4 cxd4 20. Qg5+ Kh8 21. Qxf5 $16) 19. h3 h6 20. Nd1 b5 21. Ne3 Rb8 22. b3 g5 23. h4 (23. Rae1 $11) 23... g4 24. Ng5 $2 {[#]} (24. Ne1 $15) 24... Rg8 ({Don't play} 24... hxg5 25. hxg5 Nh7 26. f6+ Kg8 27. Kf2 $17) 25. Nd5 $2 (25. Ne6+ fxe6 26. fxe6) 25... Bxd5 $19 {Black is clearly winning.} 26. exd5 {and the idea Ne4 leaves White hopeful.} hxg5 27. hxg5 Nh7 {Accuracy: White = 32%, Black = 41%.} 0-1

[Event "86th BRA-ch 2019"]
[Site "Natal"]
[Date "2020.01.13"]
[Round "2.3"]
[White "Fier, Alexandr"]
[Black "Molina, Roberto Junio Brito"]
[Result "1-0"]
[WhiteElo "2528"]
[BlackElo "2431"]
[Annotator "TA"]
[PlyCount "51"]
[EventDate "2020.01.05"]
[EventType "k.o."]
[EventCountry "BRA"]
[SourceTitle "playchess.com"]
[Source "ChessBase"]
[SourceQuality "1"]

{[%evp 13,51,8,3,-3,35,2,32,25,50,44,55,0,0,0,0,0,81,0,46,46,46,46,60,39,63,56,85,30,66,25,134,131,368,366,475,136,200,200,493,462]} 1. c4 e6 2. Nf3 Nf6 3. b3 Be7 4. Bb2 O-O 5. e3 d5 6. Nc3 c5 7. cxd5 Nxd5 8. h4 {A13: English Opening: 1...e6} Nxc3 9. Bxc3 Bf6 10. Qc2 {White is slightly better.} Bxc3 11. dxc3 Nc6 12. Ng5 $146 ({White should play} 12. Bd3 $14) ({Predecessor:} 12. Bd3 f5 13. O-O-O {1-0 (48) Nepomniachtchi,I (2763)-Nakamura,H (2746) St Petersburg 2018}) 12... f5 $11 13. f4 h6 14. Nf3 Qf6 (14... Qc7 $11) 15. Rd1 (15. O-O-O $1 $16) 15... e5 16. Bc4+ Kh8 17. Bd5 exf4 18. exf4 (18. Bxc6 $5 Qxc6 19. Ne5 $16) 18... Bd7 19. O-O Rae8 20. h5 (20. Rd3 $16) 20... Re3 21. c4 Be8 {[#]} (21... Rfe8 $11 {remains equal.}) 22. Qf2 $1 $36 {[%cal Rf2e3][%mdl 2048] White is in control.} Qc3 $2 {[#]} (22... Rc3 $16) 23. Rc1 $1 $18 {[%cal Rc1c3]} Qd3 24. Bxc6 $2 (24. Rfe1 $18 {and the rest is easy.} Rxf3 25. Qxc5 Qd4+ 26. Qxd4 Nxd4 27. gxf3) 24... Bxc6 (24... bxc6 $16 25. Ne5 Qd4) 25. Ne5 Qe4 $2 (25... Qe2 26. Ng6+ {[%mdl 64] Double Attack} Kg8) 26. Rfe1 {Accuracy: White = 38%, Black = 15%.} 1-0

[Event "86th BRA-ch 2019"]
[Site "Natal"]
[Date "2020.01.13"]
[Round "2.4"]
[White "Molina, Roberto Junio Brito"]
[Black "Fier, Alexandr"]
[Result "1/2-1/2"]
[WhiteElo "2431"]
[BlackElo "2528"]
[Annotator "TA"]
[PlyCount "96"]
[EventDate "2020.01.05"]
[EventType "k.o."]
[EventCountry "BRA"]
[SourceTitle "playchess.com"]
[Source "ChessBase"]
[SourceQuality "1"]

{[%evp 20,96,12,10,10,12,22,10,23,15,26,27,27,31,29,31,31,31,36,35,36,16,23,20,39,37,39,24,22,18,34,31,31,32,68,71,135,0,0,0,0,0,0,0,0,0,0,0,0,0,0,0,0,0,0,0,0,0,0,-218,-230,-228,-230,-265,-265,-258,-258,-241,-241,-281,-280,-281,-280,-280,-279,-253,-245,-218,-157]} 1. e4 c5 2. Nf3 Nc6 3. d4 cxd4 4. Nxd4 Nf6 5. Nc3 e5 6. Ndb5 d6 7. Bg5 a6 8. Na3 b5 9. Nd5 Be7 10. Bxf6 Bxf6 11. c4 b4 {B33: Sicilian: Pelikan and Sveshnikov Variations} 12. Nc2 O-O 13. g3 Be6 {The position is equal.} (13... Bg5 14. Bg2 a5 15. O-O Ne7 16. Nce3 Bxe3 17. Nxe3 Be6 18. b3 Ra7 19. Qd3 {½-½ (52) Nepomniachtchi,I (2776)-Yu,Y (2763) Khanty-Mansiysk 2019}) 14. Bg2 Bxd5 15. cxd5 Nd4 16. Nxd4 exd4 17. Qd3 Qc7 $146 ({Predecessor:} 17... Qb6 18. Bh3 Rfd8 19. O-O {1-0 (46) Quanzaah,E (2150)-Galvin,J (2061) ICCF email 2014}) 18. Bh3 Rfb8 19. O-O Rb5 20. Bg4 Rc5 21. Bd1 a5 22. Ba4 Qb6 23. Bc6 Qa6 24. Qd2 Rb8 25. Rac1 Rxc1 26. Rxc1 d3 27. Ba4 $1 Rc8 (27... Qa7 $142) 28. Bc6 (28. Rc6 $16 Qb7 29. Qxd3) 28... Qb6 29. Rc4 b3 30. a4 g6 31. Kg2 Bxb2 32. Qxb2 d2 $1 {[%cal Rd2d1]} 33. Rd4 Qxd4 $1 34. Qxd4 b2 $1 $36 {[%cal Rb2b1][%mdl 2048] Black has good play.} 35. Qd3 Rb8 36. Bb5 Rc8 37. Bc6 Rb8 38. Bb5 Rc8 $1 {[%cal Rc8c1] Strongly threatening ...Rc1.} 39. e5 $2 (39. Bc6 $11 {and White is okay.} Rb8) 39... b1=Q $19 ({Don't take} 39... Rc1 40. Qxd2 b1=Q 41. Qg5) 40. Qxb1 Rc1 41. Qd3 d1=Q {Hoping for ...Qg1+.} 42. exd6 {[#] Black must now prevent d7.} Qxd3 $1 43. Bxd3 {[%mdl 4096] Endgame [#] KR-KB} Rc5 $1 44. Bb5 {intending Bc6.} Rxd5 45. d7 Kf8 46. Kf3 Ke7 {...Rxb5! is the strong threat.} 47. Ke4 Rd2 48. Ke3 Rd6 {Accuracy: White = 58%, Black = 72%.} 1/2-1/2

[Event "86th BRA-ch 2019"]
[Site "Natal"]
[Date "2020.01.14"]
[Round "3.1"]
[White "Diamant, Andre"]
[Black "Lima, Darcy"]
[Result "1/2-1/2"]
[WhiteElo "2547"]
[BlackElo "2534"]
[Annotator "TA"]
[PlyCount "98"]
[EventDate "2020.01.05"]
[EventType "k.o."]
[EventCountry "BRA"]
[SourceTitle "playchess.com"]
[Source "ChessBase"]
[SourceQuality "1"]

{[%evp 17,98,16,19,3,41,31,42,39,58,52,45,45,47,17,29,20,29,27,16,21,35,0,12,13,50,50,60,55,74,19,31,25,30,25,33,18,12,6,8,7,39,39,39,39,45,0,0,0,0,0,14,15,26,16,38,26,40,26,23,0,0,0,0,0,0,0,0,0,0,0,0,0,0,0,0,0,0,0,0,0,0,0,0]} 1. c4 Nf6 2. Nf3 e6 3. g3 b6 4. Bg2 Bb7 5. d4 Be7 6. O-O O-O 7. Re1 d5 8. cxd5 exd5 9. Nc3 Na6 10. b3 {E17: Queen's Indian: 4 g3 Bb7 5 Bg2 Be7} c5 11. Bb2 Nc7 12. Rc1 {White is slightly better.} Ne6 13. dxc5 $146 ({Predecessor:} 13. e3 Re8 14. Re2 Bf8 15. Rd2 Qe7 16. Nh4 g6 17. dxc5 bxc5 18. Nxd5 Nxd5 19. Bxd5 {1-0 (35) Ding,L (2766)-Tomashevsky,E (2728) Huaian 2016}) 13... bxc5 14. Ne5 Rb8 {Threatening ...d4.} 15. e4 {[%cal Rc3d5]} d4 16. Na4 Nd7 17. Nxd7 Qxd7 18. Ba3 {[%cal Ra4c5]} Rbc8 19. Qd3 c4 20. bxc4 Qxa4 21. Bxe7 Rfe8 22. Bd6 Qxa2 23. e5 (23. Red1 $16) 23... Bxg2 $11 24. Kxg2 Qa6 25. f4 Nc5 26. Bxc5 ({But not} 26. Qxd4 Qc6+ 27. Qd5 Qxd5+ 28. cxd5 Nd3 $11) 26... Qc6+ {[%mdl 64] [#] Double Attack} 27. Qe4 Qxc5 28. Qd5 Red8 29. Qxc5 Rxc5 $14 {[%mdl 4096] Endgame KRR-KRR} 30. Kf3 Rdc8 31. Ke4 Rxc4 32. Rxc4 Rxc4 $11 {KR-KR} 33. Ra1 (33. f5 {is interesting.} Kf8 34. Rb1 Rc2 35. Rb8+ Ke7 36. Rb7+) 33... Rc7 (33... g6 {feels hotter.} 34. Rxa7 Rc2 35. h4 Rc3 36. g4 Rg3) 34. Kxd4 g6 35. g4 Rd7+ 36. Ke4 Rb7 37. Ra4 a5 38. Rxa5 Rb4+ {The position is equal.} 39. Kf3 Rb3+ 40. Kg2 Rb2+ 41. Kg3 Rb3+ 42. Kh4 h6 43. Ra4 Rf3 44. Rb4 Kg7 45. Re4 Kh7 46. Rd4 Kg7 47. Re4 Kh7 48. Rc4 Kg7 49. Rb4 Kg8 {Accuracy: White = 59%, Black = 64%.} 1/2-1/2